| 000 | 00991nam a2200217Ia 4500 | ||
|---|---|---|---|
| 999 |
_c37468 _d37468 |
||
| 001 | 3429 | ||
| 003 | GE_BSU | ||
| 005 | 20190618153907.0 | ||
| 008 | 181216s2006||||ge |||||||||||||| ||geo|| | ||
| 020 | _a97899941429097 | ||
| 040 | _cGE_BSU | ||
| 041 | _ageo | ||
| 080 | _a634(479.223) ლ–20 | ||
| 100 |
_aლამპარაძე, შოთა _91795 |
||
| 245 |
_aკივის კულტურის ზრდა - განვითარების თავისებურებანი აჭარაში : _bფერმერთა დასახმარებლად / _cშოთა ლამპარაძე ; რედ. გურამ მემარნე. |
||
| 264 |
_aბათუმი : _bშპს "მზე 206", _c2006. |
||
| 300 |
_a41 გვ. ; _b20 სმ. |
||
| 653 | _aკივის კულტურა აჭარაში | ||
| 700 |
_aმემარნე, გურამ _eრედაქტორი _92550 |
||
| 942 |
_cBK _2udc |
||